000 00686nam a22001937a 4500
005 20231227145500.0
010 _aHIN-126523
020 _a9789380628936
_c300.00
035 _aHN-98869
037 _bDBAD/PUB
082 _a
100 _aचतुरसेन
_960330
245 _aमंदिर की नर्तकी/
_cचतुरसेन
250 _a1
260 _aदिल्ली
_bजनवाणी प्रकाशन
_c2021
270 _a30/35-36 गली न. 9 विश्वास नगर
_bदिल्ली
_e110032
300 _a103 पृष्ठ;
_c22 सेमी(सजिल्द)
942 _cHN
_2ddc
_h
_mचतुर
999 _c199853
_d199853